| 000 | 01090 a2200193 4500 | ||
|---|---|---|---|
| 001 | 28160 | ||
| 005 | 20260407155553.0 | ||
| 008 | 260407a1969 arg spa d | ||
| 003 | AR-UNSa-BCEJYS | ||
| 040 |
_aAR-UNSa-BCEJYS _bspa _cAR-UNSa-BCEJYS |
||
| 080 |
_a657 _xContabilidad |
||
| 245 | 1 | 0 | _aPrincipios y normas contables generalmente aceptados |
| 264 | 1 |
_aBuenos Aires : _bEl Coloquio _c1969 |
|
| 300 |
_a69 p. _c22 cm. |
||
| 505 | _a1. Introducción - 2. Origen de la expresión - 3. Disposiciones normativas - 3.1 Antecedentes - 3.2. Ambito interamericano - 3.2.1. VIº Conferencia Ineramericana de contabilidad - 3.2.2.VIIº Conferencia Interamericana de contabilidad - 3.3 Ambito nacional - 3.3.1 VIº Asamblea nacional de graduados en ciencias económicas - 3.3.2 VIIIº Convención nacional de consejos profesionales de ciencias económicas - 3.3.3.VIIº Asamblea nacional de graduados en ciencias económicas - 3.3.4 Instituto técnico de contadores públicos - 4. Conclusiones. | ||
| 942 | _cBK | ||
| 590 | _aniveau_biblio:m niveau_hierar:0 | ||
| 100 | 1 | _aDell´Elce, Quintino P. | |
| 999 |
_c1659 _d1659 |
||